000
00313nam a2200133Ia 4500
005
20251222142022.0
008
251222s9999||||xx |||||||||||||| ||spa||
020
_a
84-330-1489-7
082
_a
370.114/N29
100
_a
Navarro, Ginés
245
0
_a
El Diálogo:
264
_b
Desclée de Brouwer
942
_c
LIB
999
_c
10693
_d
10693